| 000 | 00410nam a2200169Ia 4500 | ||
|---|---|---|---|
| 001 | 11909 | ||
| 008 | 140331s9999 xx 000 0 und d | ||
| 020 | _a0-671-79718-2 | ||
| 040 | _cPK-LaUMT | ||
| 082 |
_a 215 _bDAV-M |
||
| 100 | _aDavies, Paul | ||
| 245 | 4 |
_aThe mind of god : The scientific basis for a rational world _cDavies, Paul |
|
| 260 | _c1992 | ||
| 300 | _a254 p. | ||
| 546 | _aEN | ||
| 942 | _cBK | ||
| 999 |
_c12748 _d12748 |
||